Biggest African Cities by Letter - K - Statistics

General Stats
  • This quiz has been taken 269 times
    109 since last reset
  • The average score is 10 of 17
Answer Stats
Pop Country Hint City % Correct
1,680,600 Uganda Capital city Kampala
100%
1,410,858 Sudan Capital city Khartoum
100%
1,012,211 Sudan Suburb of ^ {Khartoum} North
100%
8,900,721 DRC Formally Léopoldville Kinshasa
100%
4,910,000 Nigeria Hausa people Kano
99%
1,517,168 Rwanda Capital city Kigali
99%
2,035,064 Ghana Ashanti capital Kumasi
87%
868,672 DRC Boyoma Falls Kisangani
65%
1,850,000 Nigeria "Crocodiles" Kaduna
64%
967,007 DRC Orthodox minority Kananga
52%
501,360 Zambia 2nd biggest city Kitwe
36%
397,957 Kenya Lake Victoria terminus Kisumu
29%
527,000 Morocco Rabat-Salé-______ Kenitra
28%
670,000 Nigeria Borders Niger Katsina
27%
451,168 DRC 1978 Battle Kolwezi
20%
462,900 Uganda Mandela Stadium {Kira} Town
12%
453,654 Tanzania Buzwagi Gold Mine Kahama
10%
No matching quizzes found
Score Distribution
Percent of People with Each Score
Percentile by Number Answered
Your Score History
You have not taken this quiz since the last reset